000 00331nam a22001337a 4500
008 180118b xxu||||| |||| 00| 0 eng d
020 _a9780763744069
041 _aeng
080 _a61
100 _a3
101 _ashm
245 _aEMERGENCY CARE AND TRANSPORTATION OF THE SICKAND INJURED
_cPOLLAK.A.N
942 _2udc
_cBK
999 _c40441
_d40441